00462nam a2200145Ia 4500999001700000082001200017100001900029245005300048260003100101300000800132650002900140710002200169942001200191952011300203 c16818d16818 aTB.0110 aBagalkot, L.H. 0aManpower planning at the level of an entreprises c1986bUniversity of Bombay a447 aManpower planningzIndia aPanchamukhi, P.R. cTH2ddc 00104070aNASSDOCbNASSDOCd2004-10-08i2004-10-22l0oTB.0110p26125r2019-04-18 00:00:00w2019-04-18yTH